MDQL
is popping MORE tags! Check the
thread
!
Quizzes
Events
Quiz Creation
Community
Videos
Private Events
Remove Ads
Sign In
Join for FREE
Feedback
Dark Mode
Quiz Categories
Sports
Geography
Music
Movies
Television
Just For Fun
Miscellaneous
History
Literature
Language
Science
Gaming
Entertainment
Religion
Holiday
For Kids
Quiz Lab
Recent
Popular Today
Quiz Kudos Today
Editor Picks
Curator Picks
Quizzes by...
Day
Popularity
Type
Ratings
Length
Year
Community
Subscriptions
Recent Discussions
Orange Saloon
Badges
Playlists
Quests
Create
Leaderboards
Showdown
Live 5
Trivia Bingo
Activity
Puzzle Library
Sporcle Events
Private Events
Virtual Trivia
Globe League
Become a Host
Pub Owners
SporcleCon
Opinionation
Our Games
Videos
Blog
Mobile Apps
Partnerships
Remove Ads and Go Orange
Feedback
Language
Vocabulary
Begins and Ends
Definition
Spanish
French
German
Italian
Chinese
Latin
Translation
Japanese
Language
Vocabulary
Begins and Ends
Definition
Spanish
French
German
Italian
Chinese
Latin
Translation
Japanese
Random Quiz
Search Sporcle
×
Quiz Lab
Quiz Lab
Language
Latin
Type in answers that appear in a list
Type in answers that appear in a list
Classic
Best Score? Go Orange.
Latin: Unit 08 Degrees of Adjectives (Gravis-is-e) Stats
Latin: Unit 08 Degrees of Adjectives (Gravis-is-e)
By
bweinstein
10m
120 Questions
80 Plays
80 Plays
80 Plays
Comments
Comments
Give Quiz Kudos
Give Quiz Kudos
-
- Ratings
hide this ad
Forced Order
Answers have to be entered in order
Answers have to be entered in order
Replay
Link that replays current quiz
Next Quiz
Link to next quiz in quiz playlist
You Got
0%
They Got
Avg Score
72%
Avg Friend Score
Upgrade to see
Score Distribution
Jump to the score distribution portion of the page
Score
0/120
Timer
10:00
0
Plays Today
Hint
Answer
% Correct
Case & Number
Nominative PL
100%
Case & Number
Genitive PL
100%
Case & Number
Dative PL
100%
Case & Number
Accusative PL
100%
Case & Number
Ablative PL
100%
Positive (M)
gravis
100%
Positive (F)
gravis
100%
Positive (N)
grave
100%
Case & Number
Nominative SG
100%
Case & Number
Genitive SG
100%
Case & Number
Dative SG
100%
Case & Number
Accusative SG
100%
Case & Number
Ablative SG
100%
Case & Number
Nominative PL
100%
Case & Number
Genitive PL
100%
Case & Number
Dative PL
100%
Case & Number
Accusative PL
100%
Case & Number
Ablative PL
100%
Comparative (M)
gravior
100%
Comparative (M)
gravioris
100%
Comparative (F)
graviori
100%
Comparative (F)
graviorem
100%
Comparative (N)
gravius
100%
Comparative (N)
graviora
100%
Case & Number
Nominative SG
100%
Case & Number
Genitive SG
100%
Case & Number
Dative SG
100%
Case & Number
Accusative SG
100%
Case & Number
Ablative SG
100%
Superlative (M)
gravissimus
100%
Superlative (F)
gravissima
100%
Superlative (N)
gravissimum
100%
Case & Number
Nominative SG
90%
Case & Number
Genitive SG
88.8%
Case & Number
Dative SG
87.5%
Case & Number
Accusative SG
87.5%
Case & Number
Ablative SG
87.5%
Positive (M)
gravis
87.5%
Positive (M)
gravi
87.5%
Positive (M)
gravi
86.3%
Hint
Answer
% Correct
Positive (M)
gravem
85%
Positive (M)
graves
85%
Positive (M)
gravibus
78.8%
Positive (M)
graves
78.8%
Positive (M)
gravibus
78.8%
Positive (M)
gravium
77.5%
Positive (F)
gravis
73.8%
Positive (F)
gravem
73.8%
Positive (F)
gravi
73.8%
Positive (F)
gravibus
72.5%
Positive (F)
gravi
72.5%
Positive (F)
graves
72.5%
Positive (F)
gravibus
72.5%
Positive (F)
graves
72.5%
Positive (F)
gravium
71.3%
Positive (N)
gravis
71.3%
Positive (N)
gravi
71.3%
Positive (N)
grave
71.3%
Positive (N)
gravi
71.3%
Positive (N)
gravibus
71.3%
Positive (N)
gravibus
71.3%
Positive (N)
gravium
70%
Comparative (M)
graviori
70%
Comparative (M)
graviorem
70%
Comparative (M)
graviore
68.8%
Comparative (M)
graviores
68.8%
Comparative (M)
graviorum
68.8%
Positive (N)
gravia
67.5%
Positive (N)
gravia
67.5%
Comparative (M)
gravioribus
67.5%
Comparative (M)
graviores
67.5%
Comparative (M)
gravioribus
67.5%
Comparative (F)
gravior
66.3%
Comparative (F)
gravioris
66.3%
Comparative (N)
gravioris
66.3%
Comparative (N)
graviori
66.3%
Comparative (F)
graviore
65%
Comparative (F)
graviores
65%
Comparative (F)
graviorum
65%
Comparative (F)
gravioribus
65%
Hint
Answer
% Correct
Comparative (F)
graviores
65%
Comparative (F)
gravioribus
65%
Comparative (N)
graviore
62.5%
Comparative (N)
graviorum
61.3%
Comparative (N)
gravioribus
61.3%
Comparative (N)
gravioribus
61.3%
Comparative (N)
gravius
60%
Comparative (N)
graviora
60%
Case & Number
Nominative PL
58.8%
Case & Number
Genitive PL
58.8%
Case & Number
Dative PL
58.8%
Case & Number
Accusative PL
58.8%
Case & Number
Ablative PL
58.8%
Superlative (M)
gravissimi
56.3%
Superlative (M)
gravissimo
53.8%
Superlative (M)
gravissimum
53.8%
Superlative (M)
gravissimo
53.8%
Superlative (M)
gravissimi
52.5%
Superlative (M)
gravissimorum
48.8%
Superlative (M)
gravissimos
46.3%
Superlative (M)
gravissimis
45%
Superlative (M)
gravissimis
45%
Superlative (F)
gravissimae
45%
Superlative (F)
gravissimae
45%
Superlative (F)
gravissima
45%
Superlative (F)
gravissimam
43.8%
Superlative (F)
gravissimae
43.8%
Superlative (F)
gravissimarum
43.8%
Superlative (F)
gravissimis
42.5%
Superlative (N)
gravissimi
42.5%
Superlative (N)
gravissimo
42.5%
Superlative (F)
gravissimas
41.3%
Superlative (F)
gravissimis
41.3%
Superlative (N)
gravissimum
41.3%
Superlative (N)
gravissimo
38.8%
Superlative (N)
gravissima
37.5%
Superlative (N)
gravissima
37.5%
Superlative (N)
gravissimorum
36.3%
Superlative (N)
gravissimis
36.3%
Superlative (N)
gravissimis
36.3%
Quiz Playlist
Details
Report
Send in Message
Add To Playlist
Classic:
Type in answers that appear in a list
Forced Order:
Answers have to be entered in order
Last Updated: Feb 16, 2017
Quiz Scoreboard
CHALLENGE
Sign Up to Join the Scoreboard
Show All
Scores
Hide
Comments
May contain spoilers
Recently Published
5x2 Blitz: Bands
by SL_Kpop136
Music
30s
Colored Red Africa Blitz
by spor1
Geography
30s
Find the 'City' Movie
by crazypaving
Movies
60s
More to Explore
Quiz From the Vault
Featured Blog Post
14 Easter Pick-up Lines to Find Eggs With
hide this ad
You Might Also Like...
Tags
Latin Quiz
Adjective
degree
Today's Top Quizzes in Language
Browse Language
hide this ad
Today's Top Quizzes in Latin
Browse Latin
Top Contributed Quizzes in Language
1
1-10 Letter F Words III
2
1-10 Letter G Words III
3
1-10 Letter H Words III
4
1-10 Letter I Words III
5
1-10 Letter K Words III
6
1-10 Letter L Words III
7
1-10 Letter M Words III
8
1-10 Letter J Words III
9
1-10 Letter N Words III
10
Greek Alphabet Match
Explore More
Trending Topics
NBA
Marvel
Kpop
Anime
Disney
Crossword
Harry Potter
Soccer
Pokémon
Country
WWE
NFL
Puzzle
The Office
Song
hide this ad
More By:
bweinstein
Quiz
Plays
Rating
Category
Featured
Created
Latin: Noun Declensions 1-3
18,328
4.86
Language
Feb 28, 2013
Latin: Noun Declensions 1-5
10,297
4.25
Language
Jan 25, 2012
Latin: Indicative Active Verb Endings
7,290
4.50
Language
Feb 25, 2013
Latin: Unit 07 Relative Pronoun (qui, quae, quod)
6,380
4.76
Language
Jan 30, 2012
Latin: Unit 06 Demonstrative Pronouns
6,337
4.33
Language
Jan 31, 2012
Go to Creator's Profile
Score Distribution
Quiz Creator Spotlight
bweinstein
Follow
Send a Message
Quizzes Created
-
Created Quiz Play Count
-
More By This Creator
Popular Quizzes Today
1
Find the 'City' Movie
2
Colored Red Africa Blitz
3
Find the US States - No Outlines Minefield
4
5x2 Blitz: Bands
5
The Countries of the World
6
Find the US States
7
US States
8
9x9 Crossword: Cartoon Network
More Language Quizzes
Christmas Carol Lyrics Vocabulary
Published
Trending Quizzes
Colored Red Europe Blitz I
Colored Red Africa Blitz II
Colored Red Europe Blitz II
Colored Red Europe Blitz III
Colored Red Africa Blitz III
Recently Updated
Famous TV Couples
Peacemaker
Champions League XIs: Real Madrid
pecheneg
Largest US Cities 1790-2010
pecheneg
Rides in Walt Disney World
pecheneg
Most Oscar Losses (Acting)
pecheneg
Beyoncé Albums
pecheneg
Leaping Animals
pecheneg
Reality TV Shows (A-Z)
bhenderson79
Rickey Henderson's Hall of Fame Teammates
pecheneg
Champions League XIs: Arsenal
pecheneg
Trending Topics
Harry Potter
Crossword
Marvel
Kpop
Anime
NBA
Disney
NFL
Pokémon
Puzzle
WWE
Soccer
The Office
Country
Song
Your Account Isn't Verified!
In order to create a playlist on Sporcle, you need to verify the email address you used during registration. Go to your
Sporcle Settings
to finish the process.
Report this User
Report this user for behavior that violates our
Community Guidelines
.
Details:
Send Report
Go to the Sporcle.com Mobile Site →
Comments